Sind Revisited (Record no. 12183)

MARC details
000 -LEADER
fixed length control field 00609nam a2200241 a 4500
020 ## - INTERNATIONAL STANDARD BOOK NUMBER
ISBN 8121515
082 00 - DEWEY DECIMAL CLASSIFICATION NUMBER
Classification number 954.918
Author Cutter BUR
100 ## - MAIN ENTRY--AUTHOR NAME
Author name Burton, Richard F
245 ## - TITLE STATEMENT
Title Sind Revisited
260 ## - PUBLICATION, DISTRIBUTION, ETC. (IMPRINT)
Place of publication New Delhi
Name of publisher Munshiram Manoharlal Publishers
Year of publication 1997
300 ## - PHYSICAL DESCRIPTION
Number of Pages 331p
500 ## - GENERAL NOTE
General note includes index and biblioraphy
505 2# - FORMATTED CONTENTS NOTE
Formatted contents note Vol I and 2 Bound Together
650 ## - SUBJECT ADDED ENTRY--TOPICAL TERM
Topical Term Sind
942 ## - ADDED ENTRY ELEMENTS (KOHA)
Koha item type Books
700 1# -
-- Burton, Richard F
Holdings
Collection code Home library Current library Date acquired Cost, normal purchase price Full call number Accession Number Koha item type
  Henry Martyn Institute Library Henry Martyn Institute Library 04/12/2007 595.00 954.918 BUR 018214 Books
                   Copyright © 2026 | Henry Martyn Institute | Hyderabad | TS-500052 | INDIA | Implemented by hmi.edu.in
Hit-Count:

Powered by Koha